00393ntaaa2200157 45000030003000000050017000030080021000200400037000410820017000781000017000952450029001122500010001412600059001513000009002106500016002190120251027202849.00714s1973 ag 01  aAR-BaBNbspacAR-BaBNeaacrdRIC a269.0000 L58 aLewis, V.H.  aLa iglesia ganando almas a1 ed. aKansas City : bCasa Nazarena de Publicaciones, cs.f. a96 p aevangelismo